Every BBC Television Channel - Statistics

General Stats
  • This quiz has been taken 159 times
  • The average score is 8 of 13
Answer Stats
Began Airing Ceased Airing Channel % Correct
November 1936 n/a BBC One
100%
February 2003 March 2016 BBC Three
99%
April 1964 n/a BBC Two
97%
March 2002 n/a BBC Four
95%
November 1997 n/a BBC News
76%
February 2002 n/a CBBC
72%
February 2002 n/a CBeebies
69%
September 1998 n/a BBC Parliament
50%
February 2019 n/a BBC Scotland
45%
September 2008 n/a BBC Alba
43%
November 2001 January 2009 BBC 2W
37%
September 1998 February 2003 BBC Choice
23%
June 1999 March 2002 BBC Knowledge
20%
No matching quizzes found
Score Distribution
Percent of People with Each Score
Percentile by Number Answered
Your Score History
You have not taken this quiz